[Event "SVK-chT4 A21 2223"]
[Site "Slovakia"]
[Date "2023.03.26"]
[Round "11.2"]
[White "Pericka, Pavol"]
[Black "Hrubsa, Marian"]
[Result "0-1"]
[WhiteElo "1754"]
[BlackElo "1739"]
[PlyCount "115"]
[EventDate "2022.10.09"]
[EventType "team-tourn"]
[EventRounds "11"]
[EventCountry "SVK"]
[SourceTitle "EXT 2024"]
[Source "ChessBase"]
[SourceDate "2023.10.10"]
[SourceVersion "1"]
[SourceVersionDate "2023.10.10"]
[SourceQuality "1"]
[WhiteTeam "Brezova pod Bradlom"]
[BlackTeam "Skalica II"]
[WhiteTeamCountry "SVK"]
[BlackTeamCountry "SVK"]

1. e4 e6 2. d4 d5 3. e5 c5 4. Bb5+ Nc6 5. c3 cxd4 6. cxd4 Qb6 7. Nc3 Nge7 8. Nf3 Bd7 9. Ba4 Nf5 10. Bxc6 bxc6 11. 0-0 c5 12. dxc5 Qxc5 13. g4 Ne7 14. Be3 Qb4 15. Bd4 Nc6 16. a3 Qb7 17. Be3 Be7 18. b4 0-0 19. Na4 Qb5 20. Nc5 Bxc5 21. Bxc5 Rfe8 22. h4 Qc4 23. Bd4 Nxd4 24. Nxd4 Rec8 25. Rc1 Qa6 26. Qb3 Qb6 27. Qd3 a6 28. Rfd1 Bb5 29. Qd2 Bc4 30. Rc3 Qd8 31. g5 Rab8 32. Rdc1 g6 33. Qf4 Rc7 34. Nb3 Rbc8 35. Nc5 a5 36. Qg4 axb4 37. axb4 Qe7 38. h5 Re8 39. Rh3 Be2 40. Qxe2 Qxg5+ 41. Kh2 Qxc1 42. hxg6 Qf4+ 43. Kg2 fxg6 44. Rf3 Qg4+ 45. Kf1 Rf7 46. Rg3 Qxb4 47. Nd3 Qh4 48. Kg2 Ref8 49. f4 Qe7 50. Qc2 Qc7 51. Qb1 Rc8 52. Kh3 Rf5 53. Qg1 Rh5+ 54. Kg4 Qf7 55. Kf3 Qf5 56. Ke2 Rh3 57. Kd2 Rxg3 58. Qxg3 0-1

[Event "SVK-chT4 A21 2223"]
[Site "Slovakia"]
[Date "2023.02.12"]
[Round "8.3"]
[White "Piestansky, Jan"]
[Black "Pericka, Pavol"]
[Result "1-0"]
[WhiteElo "1584"]
[BlackElo "1754"]
[PlyCount "106"]
[EventDate "2022.10.09"]
[EventType "team-tourn"]
[EventRounds "11"]
[EventCountry "SVK"]
[SourceTitle "EXT 2024"]
[Source "ChessBase"]
[SourceDate "2023.10.10"]
[SourceVersion "1"]
[SourceVersionDate "2023.10.10"]
[SourceQuality "1"]
[WhiteTeam "Chtelnica Kamenar"]
[BlackTeam "Brezova pod Bradlom"]
[WhiteTeamCountry "SVK"]
[BlackTeamCountry "SVK"]

1. e4 e5 2. Nf3 Nc6 3. Bc4 Bc5 4. h3 Nf6 5. d3 h6 6. c3 d6 7. Be3 Bxe3 8. fxe3 0-0 9. Bb3 b6 10. 0-0 Bb7 11. Qe2 a5 12. a4 Ne7 13. Nbd2 Ng6 14. Bc2 Ba6 15. c4 c5 16. b3 Bb7 17. Nh2 Bc8 18. Ndf3 Be6 19. Kh1 Qe7 20. Bd1 Nh7 21. Qe1 f5 22. exf5 Bxf5 23. Bc2 e4 24. dxe4 Bxe4 25. Bxe4 Qxe4 26. Qg3 Rad8 27. Rfd1 Rf6 28. Nf1 Ne7 29. N3d2 Qd3 30. e4 Qxg3 31. Nxg3 Ng5 32. Rf1 Rdf8 33. Rxf6 Rxf6 34. Rf1 Kf7 35. Kg1 g6 36. Nf3 Nxf3+ 37. gxf3 Nc6 38. Ne2 Ne5 39. Kg2 g5 40. Kg3 Ng6 41. Nc3 Ne7 42. Rd1 Ke6 43. Nb5 Ke5 44. Nc7 h5 45. Nd5 Nxd5 46. Rxd5+ Ke6 47. Rxg5 Rh6 48. f4 Kf6 49. Kh4 Ke6 50. Rxh5 Rf6 51. Kg4 Rg6+ 52. Rg5 Rf6 53. h4 Kf7 1-0

[Event "SVK-chT4 A21 2223"]
[Site "Slovakia"]
[Date "2023.01.15"]
[Round "6.2"]
[White "Pericka, Pavol"]
[Black "Kocak, Branislav"]
[Result "1/2-1/2"]
[WhiteElo "1754"]
[BlackElo "1875"]
[PlyCount "34"]
[EventDate "2022.10.09"]
[EventType "team-tourn"]
[EventRounds "11"]
[EventCountry "SVK"]
[SourceTitle "EXT 2024"]
[Source "ChessBase"]
[SourceDate "2023.10.10"]
[SourceVersion "1"]
[SourceVersionDate "2023.10.10"]
[SourceQuality "1"]
[WhiteTeam "Brezova pod Bradlom"]
[BlackTeam "Gbely Interchess"]
[WhiteTeamCountry "SVK"]
[BlackTeamCountry "SVK"]

1. e4 c5 2. Bc4 e6 3. Qe2 d6 4. Nf3 Nc6 5. Nc3 a6 6. a3 Nf6 7. d3 Be7 8. Bd2 b5 9. Ba2 Qc7 10. 0-0 0-0 11. h3 Rd8 12. Bf4 Ne5 13. g4 Nxf3+ 14. Qxf3 Bb7 15. g5 Nd7 16. Ne2 Ne5 17. Qg3 Rac8 1/2-1/2

[Event "Piestany Augustus Cup"]
[Site "Piestany"]
[Date "2022.07.15"]
[Round "4"]
[White "Livnansky, Tomas"]
[Black "Pericka, Pavol"]
[Result "0-1"]
[WhiteElo "1271"]
[BlackElo "1786"]
[PlyCount "96"]
[EventDate "2022.07.15"]
[EventType "swiss (rapid)"]
[EventRounds "7"]
[EventCountry "SVK"]
[SourceTitle "CBM 209 Extra"]
[Source "ChessBase"]
[SourceDate "2022.09.30"]
[SourceVersion "1"]
[SourceVersionDate "2022.09.30"]
[SourceQuality "1"]

1. b3 e5 2. Bb2 Nc6 3. e3 d6 4. Bb5 Bd7 5. d3 Qg5 6. Qf3 Nf6 7. Ne2 Bg4 8. Bxc6+ Kd8 9. Qg3 Nh5 10. h4 Nxg3 11. hxg5 Nxh1 12. Bxb7 Rb8 13. Bc6 Be7 14. g3 h6 15. Bxh1 hxg5 16. Bg2 Kd7 17. f3 Bh3 18. Bxh3+ Rxh3 19. Nd2 Rbh8 20. 0-0-0 Rh2 21. Nc3 f5 22. Nf1 Rf2 23. Nd2 Rhh2 24. e4 g6 25. exf5 gxf5 26. g4 fxg4 27. fxg4 Rfg2 28. Nb5 a6 29. Nc3 c6 30. Nce4 d5 31. Nc3 Bc5 32. Ncb1 Be3 33. Bxe5 Bf4 34. Bd4 Rxg4 35. Bg1 Re2 36. Kb2 Rgg2 37. Kc1 g4 38. a4 Bh2 39. Bd4 Bf4 40. b4 Rh2 41. Bg1 Rh1 42. c4 g3 43. cxd5 cxd5 44. b5 axb5 45. axb5 g2 46. b6 Bh2 47. Nc3 Rxd2 48. Kxd2 Rxg1 0-1

[Event "Piestany Augustus Cup"]
[Site "Piestany"]
[Date "2022.07.15"]
[Round "1"]
[White "Pericka, Pavol"]
[Black "Nedoba, Jakub"]
[Result "1-0"]
[WhiteElo "1786"]
[BlackElo "1130"]
[PlyCount "52"]
[EventDate "2022.07.15"]
[EventType "swiss (rapid)"]
[EventRounds "7"]
[EventCountry "SVK"]
[SourceTitle "CBM 209 Extra"]
[Source "ChessBase"]
[SourceDate "2022.09.30"]
[SourceVersion "1"]
[SourceVersionDate "2022.09.30"]
[SourceQuality "1"]

1. e4 c6 2. d4 d5 3. exd5 cxd5 4. Bd3 Nf6 5. Nf3 Bg4 6. 0-0 Nc6 7. c3 e6 8. Bg5 Be7 9. Nbd2 0-0 10. Qc2 h6 11. Bh4 Qb6 12. Ne5 Bh5 13. Bxf6 Bxf6 14. Nd7 Qd8 15. Nxf8 Kxf8 16. h3 Qe8 17. g4 Bg6 18. Bxg6 fxg6 19. Rae1 Bd8 20. f4 Bc7 21. f5 gxf5 22. gxf5 Kg8 23. Rxe6 Qh5 24. Rf3 Qg5+ 25. Kf2 Rf8 26. Qd3 Qd8 1-0

[Event "Piestany Augustus Cup"]
[Site "Piestany"]
[Date "2022.07.15"]
[Round "7"]
[White "Pericka, Pavol"]
[Black "Paracka, Patrik"]
[Result "1/2-1/2"]
[WhiteElo "1786"]
[BlackElo "1306"]
[PlyCount "37"]
[EventDate "2022.07.15"]
[EventType "swiss (rapid)"]
[EventRounds "7"]
[EventCountry "SVK"]
[SourceTitle "CBM 209 Extra"]
[Source "ChessBase"]
[SourceDate "2022.09.30"]
[SourceVersion "1"]
[SourceVersionDate "2022.09.30"]
[SourceQuality "1"]

1. e4 c6 2. d4 d5 3. e5 Bf5 4. Nf3 e6 5. Be2 c5 6. 0-0 Nc6 7. c3 Nge7 8. Bg5 Qb6 9. b3 cxd4 10. cxd4 Bxb1 11. Rxb1 Nf5 12. Be3 Be7 13. Bd3 Nxe3 14. fxe3 h5 15. Qe2 g5 16. Qf2 g4 17. Nd2 Kd7 18. Qxf7 Raf8 19. Qg7 1/2-1/2

[Event "Piestany Augustus Cup"]
[Site "Piestany"]
[Date "2022.07.15"]
[Round "6"]
[White "Slavik, Miroslav"]
[Black "Pericka, Pavol"]
[Result "0-1"]
[WhiteElo "1347"]
[BlackElo "1786"]
[PlyCount "36"]
[EventDate "2022.07.15"]
[EventType "swiss (rapid)"]
[EventRounds "7"]
[EventCountry "SVK"]
[SourceTitle "CBM 209 Extra"]
[Source "ChessBase"]
[SourceDate "2022.09.30"]
[SourceVersion "1"]
[SourceVersionDate "2022.09.30"]
[SourceQuality "1"]

1. d4 Nf6 2. c4 e5 3. Nf3 exd4 4. Nxd4 Bc5 5. Nf5 0-0 6. g3 d5 7. cxd5 Bxf5 8. Bg2 Be4 9. Bxe4 Nxe4 10. 0-0 Qf6 11. e3 Bb6 12. Qc2 Qf3 13. Nd2 Nxd2 14. Bxd2 Qxd5 15. Rfd1 Nc6 16. a3 Rad8 17. Bc3 Qf3 18. Re1 Bxe3 0-1

[Event "SVK-chT4 A21 2122"]
[Site "Slovakia"]
[Date "2022.03.27"]
[Round "11.2"]
[White "Vagovic, Milan"]
[Black "Pericka, Pavol"]
[Result "1/2-1/2"]
[WhiteElo "1698"]
[BlackElo "1780"]
[PlyCount "68"]
[EventDate "2021.10.17"]
[EventType "team-tourn"]
[EventRounds "11"]
[EventCountry "SVK"]
[SourceTitle "EXT 2024"]
[Source "ChessBase"]
[SourceDate "2023.10.10"]
[SourceVersion "1"]
[SourceVersionDate "2023.10.10"]
[SourceQuality "1"]
[WhiteTeam "Chtelnica Kamenar"]
[BlackTeam "Brezova pod Bradlom"]
[WhiteTeamCountry "SVK"]
[BlackTeamCountry "SVK"]

1. d4 Nf6 2. c4 e5 3. dxe5 Ng4 4. Nf3 Bc5 5. e3 Nc6 6. Be2 Ngxe5 7. 0-0 Qf6 8. Nc3 Qe6 9. Nd5 Bb6 10. a3 Ne7 11. e4 Nxd5 12. exd5 Qf6 13. Nxe5 Qxe5 14. Bd3 0-0 15. Qc2 f5 16. Bd2 Bd4 17. Rae1 Qf6 18. Bc3 Bxc3 19. bxc3 d6 20. Re2 Bd7 21. Rfe1 Rf7 22. f4 Raf8 23. Re3 g6 24. Qb3 a5 25. Bc2 b6 26. Qb1 Qd8 27. Qd1 Re8 28. Rxe8+ Bxe8 29. Re3 Re7 30. Qe1 Rxe3 31. Qxe3 Kf7 32. g3 Qe7 33. Kf2 Qxe3+ 34. Kxe3 c5 1/2-1/2

[Event "Liptovsky Jan Slovak op U2200"]
[Site "Liptovsky Jan"]
[Date "2021.06.19"]
[Round "4"]
[White "Pericka, Pavol"]
[Black "Ihnat, Marek"]
[Result "1-0"]
[WhiteElo "1840"]
[BlackElo "1472"]
[PlyCount "71"]
[EventDate "2021.06.17"]
[EventType "swiss"]
[EventRounds "7"]
[EventCountry "SVK"]
[SourceTitle "CBM 203 Extra"]
[Source "ChessBase"]
[SourceDate "2021.09.30"]
[SourceVersion "1"]
[SourceVersionDate "2021.09.30"]
[SourceQuality "1"]

1. e4 c6 2. d4 d5 3. e5 Bf5 4. Nf3 e6 5. Bg5 Be7 6. Bxe7 Nxe7 7. c3 Nd7 8. Nh4 Bg6 9. Nd2 0-0 10. Nxg6 hxg6 11. Bd3 c5 12. h4 f5 13. Nf3 Qb6 14. Qd2 Kf7 15. h5 Rh8 16. g4 cxd4 17. Ng5+ Ke8 18. cxd4 Qxd4 19. Nxe6 Qxe5+ 20. Qe2 Qxe2+ 21. Kxe2 Kf7 22. Nc7 Rac8 23. hxg6+ Kxg6 24. gxf5+ Kf6 25. Nb5 Rxh1 26. Rxh1 a6 27. Nd4 Nc5 28. Bb1 Ne4 29. Rg1 Rc7 30. Ne6 Rc6 31. Nxg7 Nxf5 32. Nxf5 Kxf5 33. f3 Ke5 34. fxe4 dxe4 35. Ke3 Rc4 36. Rg4 1-0

[Event "Liptovsky Jan Slovak op U2200"]
[Site "Liptovsky Jan"]
[Date "2021.06.18"]
[Round "2"]
[White "Pericka, Pavol"]
[Black "Stevik, Patrik1"]
[Result "0-1"]
[WhiteElo "1840"]
[BlackElo "2101"]
[PlyCount "106"]
[EventDate "2021.06.17"]
[EventType "swiss"]
[EventRounds "7"]
[EventCountry "SVK"]
[SourceTitle "CBM 203 Extra"]
[Source "ChessBase"]
[SourceDate "2021.09.30"]
[SourceVersion "1"]
[SourceVersionDate "2021.09.30"]
[SourceQuality "1"]

1. e4 e5 2. Bc4 Nc6 3. Nf3 Nf6 4. Ng5 d5 5. exd5 Na5 6. d3 h6 7. Nf3 e4 8. Qe2 Bb4+ 9. c3 0-0 10. dxe4 Nxc4 11. Qxc4 Re8 12. Nbd2 Bf8 13. 0-0 b5 14. Qd4 Bg4 15. Ne5 Bh5 16. Nc6 Qd7 17. f3 a5 18. Nb3 Qd6 19. Be3 Nd7 20. Bf2 Qg6 21. Nd2 f5 22. e5 Ra6 23. e6 Nb6 24. Rae1 Bd6 25. Ne5 Qf6 26. f4 Na4 27. b3 Nc5 28. Nd7 Qxd4 29. Bxd4 Nd3 30. Re3 Nxf4 31. c4 Ne2+ 32. Kh1 Nxd4 33. c5 Be7 34. Rd3 Nc2 35. Nf3 Nb4 36. Rd2 Bxf3 37. Rxf3 Bg5 38. Rd1 c6 39. Rxf5 Nxd5 40. Rdf1 Rxe6 41. Rf8+ Kh7 42. Rc8 Be7 43. h3 Ra7 44. Nb6 Nxb6 45. cxb6 Rb7 46. Ra8 Rxb6 47. Rxa5 c5 48. Ra7 c4 49. Rc1 Rbc6 50. bxc4 bxc4 51. a4 c3 52. a5 c2 53. a6 Bg5 0-1

[Event "SVK-chT4 A21 1920"]
[Site "Slovakia"]
[Date "2020.06.14"]
[Round "11.4"]
[White "Pericka, Pavol"]
[Black "Pripko, Bystrik"]
[Result "1-0"]
[WhiteElo "1837"]
[BlackElo "1633"]
[PlyCount "61"]
[EventDate "2019.10.13"]
[EventType "team-tourn"]
[EventRounds "11"]
[EventCountry "SVK"]
[SourceTitle "EXT 2022"]
[Source "ChessBase"]
[SourceDate "2021.10.06"]
[SourceVersion "1"]
[SourceVersionDate "2021.10.06"]
[SourceQuality "1"]
[WhiteTeam "Brezova pod Bradlom"]
[BlackTeam "Chtelnica Kamenar"]
[WhiteTeamCountry "SVK"]
[BlackTeamCountry "SVK"]

1. e4 e5 2. Bc4 Bc5 3. Nf3 d6 4. h3 Nf6 5. d3 h6 6. Nc3 a6 7. Nd5 Nc6 8. 0-0 0-0 9. c3 Nxd5 10. Bxd5 Ne7 11. Bb3 Ng6 12. d4 exd4 13. cxd4 Bb6 14. Qd3 Be6 15. Bc2 f5 16. Re1 fxe4 17. Qxe4 Bf5 18. Qd5+ Kh8 19. Bxf5 Ne7 20. Rxe7 Qxe7 21. Be3 Qf6 22. Bd3 Rab8 23. Qh5 c5 24. Bg5 Qf7 25. Bg6 Qd7 26. Bxh6 gxh6 27. Qxh6+ Kg8 28. Ng5 Qe7 29. Bh7+ Kh8 30. Be4+ Kg8 31. Bd5+ 1-0

[Event "SVK-chT4 A21 1920"]
[Site "Slovakia"]
[Date "2020.03.08"]
[Round "10.3"]
[White "Pericka, Pavol"]
[Black "Miciak, Emanuel"]
[Result "0-1"]
[WhiteElo "1837"]
[BlackElo "1827"]
[PlyCount "90"]
[EventDate "2019.10.13"]
[EventType "team-tourn"]
[EventRounds "11"]
[EventCountry "SVK"]
[SourceTitle "CBM 195 Extra"]
[Source "ChessBase"]
[SourceDate "2020.05.31"]
[SourceVersion "1"]
[SourceVersionDate "2020.05.31"]
[SourceQuality "1"]
[WhiteTeam "Brezova pod Bradlom"]
[BlackTeam "Vrbove"]
[WhiteTeamCountry "SVK"]
[BlackTeamCountry "SVK"]

1. e4 c5 2. Bc4 e6 3. Qe2 Nc6 4. Nf3 Be7 5. Nc3 Na5 6. d4 cxd4 7. Nxd4 Nxc4 8. Qxc4 a6 9. 0-0 b5 10. Ncxb5 axb5 11. Nxb5 Kf8 12. Be3 Ba6 13. a4 Rc8 14. Qb3 Nf6 15. f3 h5 16. Rfd1 h4 17. g4 hxg3 18. hxg3 Rh5 19. c4 Bc5 20. Rac1 Qb6 21. Rd3 d5 22. Bxc5+ Qxc5+ 23. Kg2 dxe4 24. fxe4 Nxe4 25. Rf1 Nf6 26. Nd6 Qc6+ 27. Rff3 Rd8 28. Qa3 Kg8 29. b3 Bb7 30. Qb4 Ba8 31. a5 Qc7 32. Qb6 Bxf3+ 33. Kxf3 Qxb6 34. axb6 Ne8 35. b7 Nxd6 36. Rxd6 Rb8 37. Rd7 Rc5 38. Ke4 e5 39. Kd3 Kf8 40. b4 Ke8 41. Rd6 Rc7 42. b5 Rcxb7 43. Ke4 f6 44. Kd5 Rd7 45. Kc6 Rc8+ 0-1

[Event "SVK-chT2A 1920"]
[Site "Slovakia"]
[Date "2019.11.17"]
[Round "4.5"]
[White "Oprea, Erik"]
[Black "Pericka, Pavol"]
[Result "1-0"]
[WhiteElo "2087"]
[BlackElo "1833"]
[PlyCount "87"]
[EventDate "2019.10.26"]
[EventType "team-tourn"]
[EventRounds "11"]
[EventCountry "SVK"]
[SourceTitle "CBM 193 Extra"]
[Source "ChessBase"]
[SourceDate "2020.01.31"]
[SourceVersion "1"]
[SourceVersionDate "2020.01.31"]
[SourceQuality "1"]
[WhiteTeam "Bratislava Slovan IV"]
[BlackTeam "Osuske II"]
[WhiteTeamCountry "SVK"]
[BlackTeamCountry "SVK"]

1. d4 Nf6 2. c4 e5 3. e3 exd4 4. exd4 Bb4+ 5. Bd2 Qe7+ 6. Qe2 0-0 7. Qxe7 Bxe7 8. Nc3 Nc6 9. Nf3 d6 10. Bd3 Bg4 11. Be3 Rfe8 12. 0-0-0 Nb4 13. Bb1 c6 14. h3 Be6 15. a3 a5 16. axb4 axb4 17. d5 cxd5 18. Nxd5 Nxd5 19. cxd5 Bd7 20. Rd4 Ra1 21. Kd2 Bf5 22. Bxf5 Rxh1 23. Rxb4 g6 24. Bd7 Rb8 25. Nd4 Ra8 26. Rxb7 Raa1 27. Bh6 Ra8 28. Nc6 Bf8 29. Bf4 Rha1 30. Bg4 h5 31. Bf3 R1a4 32. Be3 Bg7 33. b3 Ra2+ 34. Kd3 Re8 35. Rd7 Ra3 36. Kc4 Ra2 37. Rxd6 Rc2+ 38. Kb5 Rc3 39. b4 Kh7 40. Rd7 Kg8 41. Nd8 Rc8 42. Nc6 Ra8 43. d6 Ra1 44. Bd5 1-0

[Event "SVK-chT4 A21 1920"]
[Site "Slovakia"]
[Date "2019.10.27"]
[Round "2.4"]
[White "Papanek, Lubomir"]
[Black "Pericka, Pavol"]
[Result "0-1"]
[WhiteElo "1583"]
[BlackElo "1837"]
[PlyCount "80"]
[EventDate "2019.10.13"]
[EventType "team-tourn"]
[EventRounds "11"]
[EventCountry "SVK"]
[SourceTitle "CBM 193 Extra"]
[Source "ChessBase"]
[SourceDate "2020.01.31"]
[SourceVersion "1"]
[SourceVersionDate "2020.01.31"]
[SourceQuality "1"]
[WhiteTeam "Gbely Nafta III"]
[BlackTeam "Brezova pod Bradlom"]
[WhiteTeamCountry "SVK"]
[BlackTeamCountry "SVK"]

1. e4 e5 2. Nf3 Nc6 3. d4 exd4 4. Bc4 Be7 5. Nxd4 Ne5 6. Be2 Nf6 7. Nc3 d6 8. 0-0 0-0 9. Be3 Bg4 10. f4 Nc4 11. Bc1 Qd7 12. b3 Nb6 13. h3 Bxe2 14. Ndxe2 Qc6 15. Qd3 d5 16. Ng3 dxe4 17. Ncxe4 Rad8 18. Qe2 Rfe8 19. Nf2 Qc3 20. Be3 Bc5 21. Rad1 Qxe3 22. Qxe3 Bxe3 23. Nf5 Bc5 24. g4 g6 25. Ng3 Nbd5 26. g5 Nh5 27. Nxh5 gxh5 28. b4 Nxb4 29. Kg2 Rxd1 30. Rxd1 Re2 31. Rf1 Nxc2 32. Kf3 Rxf2+ 33. Rxf2 Bxf2 34. Kxf2 Nb4 35. a3 Nc2 36. a4 Nd4 37. Ke3 c5 38. Kd3 b6 39. Ke4 Kf8 40. Kd5 Ke7 0-1

[Event "SVK-chT3A2 1819"]
[Site "Slovakia"]
[Date "2019.03.24"]
[Round "11.4"]
[White "Pericka, Pavol"]
[Black "Hornak, Pavol"]
[Result "1-0"]
[WhiteElo "1790"]
[BlackElo "1729"]
[PlyCount "105"]
[EventDate "2018.10.07"]
[EventType "team-tourn"]
[EventRounds "11"]
[EventCountry "SVK"]
[SourceTitle "EXT 2020"]
[Source "ChessBase"]
[SourceDate "2019.10.17"]
[SourceVersion "1"]
[SourceVersionDate "2019.10.17"]
[SourceQuality "1"]
[WhiteTeam "Senica CVC"]
[BlackTeam "Cifer"]
[WhiteTeamCountry "SVK"]
[BlackTeamCountry "SVK"]

1. e4 c5 2. Bc4 Nc6 3. Nf3 e6 4. Qe2 a6 5. a4 Nge7 6. Nc3 Qc7 7. d3 Ng6 8. 0-0 Be7 9. Bg5 Bxg5 10. Nxg5 d6 11. f4 Nd4 12. Qf2 h6 13. Nf3 Nxf3+ 14. Qxf3 Ne7 15. Rae1 Nc6 16. Ne2 Bd7 17. f5 Ne5 18. Qg3 Nxc4 19. Qxg7 0-0-0 20. dxc4 Rhg8 21. Qxf7 exf5 22. Ng3 Rdf8 23. Qh7 f4 24. Rxf4 Bxa4 25. Rxf8+ Rxf8 26. Qxh6 Rd8 27. b3 Bc6 28. Nf5 b5 29. Qe6+ Bd7 30. Qxd6 Qxd6 31. Nxd6+ Kc7 32. e5 bxc4 33. Nxc4 Bf5 34. Re2 Be6 35. Nd6 Kc6 36. h3 Rd7 37. g4 Kd5 38. Nf5 c4 39. Rd2+ Kxe5 40. Rxd7 Bxd7 41. b4 c3 42. Kf2 Kf4 43. Nd4 Ba4 44. Ne2+ Ke5 45. Nxc3 Bxc2 46. Ke3 Bb3 47. Ne4 Bc4 48. h4 Be6 49. g5 Kf5 50. h5 Bd5 51. h6 Bg8 52. Nf6 Kxg5 53. Nxg8 1-0

[Event "SVK-chT3A2 1819"]
[Site "Slovakia"]
[Date "2019.03.10"]
[Round "10.4"]
[White "Pericka, Pavol"]
[Black "Husek, Lubomir"]
[Result "0-1"]
[WhiteElo "1790"]
[BlackElo "1835"]
[PlyCount "91"]
[EventDate "2018.10.07"]
[EventType "team-tourn"]
[EventRounds "11"]
[EventCountry "SVK"]
[SourceTitle "EXT 2020"]
[Source "ChessBase"]
[SourceDate "2019.10.17"]
[SourceVersion "1"]
[SourceVersionDate "2019.10.17"]
[SourceQuality "1"]
[WhiteTeam "Senica CVC"]
[BlackTeam "Holic"]
[WhiteTeamCountry "SVK"]
[BlackTeamCountry "SVK"]

1. e4 e5 2. Bc4 Nc6 3. Nf3 Be7 4. Nc3 Nf6 5. d3 0-0 6. Nd5 d6 7. Nxe7+ Qxe7 8. Bg5 h6 9. Bh4 Na5 10. Bb5 c6 11. Ba4 b5 12. Qd2 Nb7 13. Bb3 Nc5 14. h3 a5 15. c4 Nxb3 16. axb3 b4 17. Nh2 Kh7 18. Ng4 Bxg4 19. hxg4 Qe6 20. g5 Ng8 21. f4 exf4 22. Qxf4 Qe5 23. Qd2 f5 24. gxf6 Nxf6 25. 0-0-0 Ng8 26. g4 Qf4 27. g5 Qxd2+ 28. Rxd2 Rf3 29. Kc2 Re8 30. Rg2 Re6 31. Rhg1 Rg6 32. gxh6 Rxg2+ 33. Rxg2 Nxh6 34. Bd8 Nf7 35. Bxa5 c5 36. Rd2 g5 37. d4 g4 38. dxc5 dxc5 39. Bb6 Ng5 40. Bxc5 Nxe4 41. Rh2+ Kg6 42. Bxb4 g3 43. Re2 Rf2 44. Kd3 g2 45. Rxe4 g1Q 46. Bd2 0-1

[Event "SVK-chT3A2 1819"]
[Site "Slovakia"]
[Date "2018.12.09"]
[Round "5.1"]
[White "Pericka, Pavol"]
[Black "Janas, Peter"]
[Result "1/2-1/2"]
[WhiteElo "1790"]
[BlackElo "1760"]
[PlyCount "81"]
[EventDate "2018.10.07"]
[EventType "team-tourn"]
[EventRounds "11"]
[EventCountry "SVK"]
[SourceTitle "EXT 2020"]
[Source "ChessBase"]
[SourceDate "2019.10.17"]
[SourceVersion "1"]
[SourceVersionDate "2019.10.17"]
[SourceQuality "1"]
[WhiteTeam "Senica CVC"]
[BlackTeam "Hlohovec"]
[WhiteTeamCountry "SVK"]
[BlackTeamCountry "SVK"]

1. e4 d6 2. d4 g6 3. Bc4 Bg7 4. c3 Nf6 5. Qe2 c6 6. Nf3 0-0 7. 0-0 Nxe4 8. Qxe4 d5 9. Bxd5 cxd5 10. Qh4 Nc6 11. Ng5 h6 12. Nf3 e6 13. Qg3 Ne7 14. Ne5 Nf5 15. Qh3 Qh4 16. Qxh4 Nxh4 17. Na3 a6 18. Nc2 Nf5 19. Ne3 Nxe3 20. Bxe3 Kh7 21. f3 f6 22. Nd3 b6 23. Bf4 Bd7 24. a4 Rfc8 25. Rfe1 Kg8 26. a5 Rc6 27. axb6 Rxb6 28. Nc5 Bc8 29. b4 Kf7 30. Bc7 Rc6 31. Bf4 g5 32. Bg3 Bf8 33. b5 Rb6 34. Reb1 e5 35. Bf2 Rab8 36. dxe5 Bxc5 37. Bxc5 Rxb5 38. Rxb5 Rxb5 39. Bd4 fxe5 40. Bxe5 Kg6 41. Bd4 1/2-1/2

[Event "SVK-chT3A2 1819"]
[Site "Slovakia"]
[Date "2018.10.07"]
[Round "1.3"]
[White "Drahos, Miroslav"]
[Black "Pericka, Pavol"]
[Result "1/2-1/2"]
[WhiteElo "1704"]
[BlackElo "1790"]
[PlyCount "52"]
[EventDate "2018.10.07"]
[EventType "team-tourn"]
[EventRounds "11"]
[EventCountry "SVK"]
[SourceTitle "EXT 2020"]
[Source "ChessBase"]
[SourceDate "2019.10.17"]
[SourceVersion "1"]
[SourceVersionDate "2019.10.17"]
[SourceQuality "1"]
[WhiteTeam "Trnava Lokomotiva II"]
[BlackTeam "Senica CVC"]
[WhiteTeamCountry "SVK"]
[BlackTeamCountry "SVK"]

1. e4 e5 2. Nf3 Nc6 3. Bb5 a6 4. Ba4 Be7 5. 0-0 Nf6 6. Re1 0-0 7. c3 d5 8. Bxc6 bxc6 9. Nxe5 Bd6 10. d4 Bxe5 11. dxe5 Nxe4 12. Nd2 Nc5 13. Qc2 Re8 14. h3 Qh4 15. Nf3 Qh5 16. Qe2 f6 17. Bf4 Bd7 18. Kh2 Ne4 19. exf6 Nxf6 20. Ne5 Qf5 21. Qf3 Nh5 22. Nxd7 Qxf4+ 23. Qxf4 Nxf4 24. Nc5 a5 25. g3 Ng6 26. Kg2 Ne5 1/2-1/2

[Event "SVK-chT2A 1718"]
[Site "Slovakia"]
[Date "2017.11.25"]
[Round "3.6"]
[White "Pericka, Pavol"]
[Black "Kuna, Vladimir"]
[Result "0-1"]
[WhiteElo "1799"]
[BlackElo "2006"]
[PlyCount "82"]
[EventDate "2017.10.28"]
[EventType "team-tourn"]
[EventRounds "11"]
[EventCountry "SVK"]
[SourceTitle "EXT 2019"]
[Source "ChessBase"]
[SourceDate "2018.10.10"]
[SourceVersion "1"]
[SourceVersionDate "2018.10.10"]
[SourceQuality "1"]
[WhiteTeam "Osuske II"]
[BlackTeam "Bratislava Slovan IV"]
[WhiteTeamCountry "SVK"]
[BlackTeamCountry "SVK"]

1. e4 c5 2. Bc4 d6 3. Nf3 Nf6 4. Qe2 e6 5. d3 a6 6. c3 Nc6 7. Bb3 Qc7 8. Bf4 b5 9. Nbd2 Be7 10. h3 Bb7 11. 0-0 0-0 12. Nh2 Rac8 13. Ng4 a5 14. Bc2 b4 15. Nc4 Ne8 16. Qe3 Ba6 17. Nd2 Nf6 18. Nf3 bxc3 19. bxc3 Nxg4 20. hxg4 Bf6 21. e5 dxe5 22. Bg5 Bxg5 23. Nxg5 Qe7 24. Ne4 f5 25. Nxc5 f4 26. Qe4 Qxc5 27. d4 exd4 28. Qxh7+ Kf7 29. Bg6+ Kf6 30. cxd4 Nxd4 31. Bd3 Bxd3 32. Qxd3 Qc4 33. Rfd1 Qxd3 34. Rxd3 e5 35. Rb1 Rc5 36. Rb6+ Kg5 37. Rh3 Rf6 38. Rb7 g6 39. f3 Ne2+ 40. Kf2 Ng3 41. Re7 Rb6 0-1